[Event "68th Warsaw-ch-A 2019"]
[Site "Warsaw"]
[Date "2019.11.17"]
[Round "7.7"]
[White "Malec, Sebastian"]
[Black "Cyra, Dariusz"]
[Result "1-0"]
[WhiteElo "2069"]
[BlackElo "1818"]
[Annotator "NA RC"]
[PlyCount "111"]
[EventDate "2019.11.14"]
[EventType "swiss"]
[EventCountry "POL"]
[SourceTitle "playchess.com"]
[Source "ChessBase"]
[SourceQuality "1"]
[TimeControl "5400+30"]

1. c4 {[%emt 0:00:00]} e5 {[%emt 0:00:00]} 2. Nc3 {[%emt 0:00:05]} Nf6 {[%emt 0:00:00]} 3. Nf3 {[%emt 0:00:05]} e4 {[%emt 0:00:13]} 4. Ng5 {[%emt 0:05:11]} b5 {[%emt 0:00:23]} 5. cxb5 $11 {[%emt 0:13:29]} d5 {[%emt 0:00:31]} 6. Qa4 {[%emt 0:01:09]} Bd7 {[%emt 0:06:35]} 7. Nxd5 {[%emt 0:02:45]} Nxd5 {[%emt 0:11:36]} 8. Qxe4+ {[%emt 0:00:04]} Be6 {[%emt 0:00:02]} 9. Nxe6 {[%emt 0:00:05]} fxe6 {[%emt 0:00:25]} 10. Qxe6+ {[%emt 0:00:04]} Be7 {[%emt 0:01:28]} 11. g3 {[%emt 0:01:30]} Qd7 {[%emt 0:13:19]} 12. Bh3 {[%emt 0:20:09]} Qxe6 {[%emt 0:04:20]} 13. Bxe6 {[%emt 0:00:03]} Nb6 {[%emt 0:02:19]} 14. O-O {[%emt 0:10:44]} N8d7 {[%emt 0:02:15]} 15. d4 {[%emt 0:01:07]} Nf6 {[%emt 0:02:16]} 16. a4 {[%emt 0:12:03]} Rd8 {[%emt 0:01:04]} 17. Rd1 {[%emt 0:05:56]} Nbd5 {[%emt 0:02:22]} 18. f3 {[%emt 0:01:59]} Rd6 {[%emt 0:05:52]} 19. Bf5 {[%emt 0:00:07]} g6 {[%emt 0:01:42]} 20. Bc2 {[%emt 0:00:12]} Nb4 {[%emt 0:04:10]} 21. Bb3 {[%emt 0:00:07]} c5 {[%emt 0:00:54]} 22. Bh6 {[%emt 0:03:00]} cxd4 {[%emt 0:06:21]} 23. Bg7 {[%emt 0:00:05]} Rf8 {[%emt 0:00:23]} 24. Rac1 {[%emt 0:01:56]} Bd8 {[%emt 0:04:55]} 25. e4 {[%emt 0:04:59]} Rd7 {[%emt 0:04:23]} 26. Bxf8 {[%emt 0:04:15]} Kxf8 {[%emt 0:00:15]} 27. Rc4 {[%emt 0:00:11]} Ba5 {[%emt 0:00:25]} 28. b6 {[%emt 0:05:48]} d3 {[%emt 0:02:32]} 29. bxa7 {[%emt 0:00:03]} Rxa7 {[%emt 0:00:35]} 30. Rc8+ {[%emt 0:00:20]} Ke7 {[%emt 0:00:33]} 31. e5 {[%emt 0:03:57]} Nd7 {[%emt 0:03:29]} 32. Rh8 {[%emt 0:00:03]} Nxe5 {[%emt 0:00:38]} 33. Rxh7+ {[%emt 0:02:07]} Kd6 {[%emt 0:01:46]} 34. Rxa7 {[%emt 0:00:03]} Bb6+ {[%emt 0:00:01]} 35. Kg2 {[%emt 0:00:02]} Bxa7 {[%emt 0:00:01]} 36. h3 {[%emt 0:00:23]} Kc5 {[%emt 0:05:11]} 37. Rc1+ {[%emt 0:01:44]} Kd6 {[%emt 0:02:04]} 38. f4 {[%emt 0:00:09]} Nec6 {[%emt 0:00:24]} 39. Rd1 {[%emt 0:02:19]} Nd4 {[%emt 0:01:43]} 40. Bc4 {[%emt 0:00:03]} Nf5 {[%emt 0:00:36]} 41. Kf3 {[%emt 0:00:51]} Ne3 {[%emt 0:00:02]} 42. Rxd3+ {[%emt 0:00:04]} Nxd3 {[%emt 0:00:31]} 43. Bxd3 {[%emt 0:00:02]} Nf5 {[%emt 0:01:05]} 44. Bxf5 {[%emt 0:00:41]} gxf5 {[%emt 0:00:01]} 45. g4 {[%emt 0:00:05]} Ke6 {[%emt 0:00:20]} 46. b4 {[%emt 0:00:23]} Bd4 {[%emt 0:00:22]} 47. a5 {[%emt 0:00:43]} Bc3 {[%emt 0:00:02]} 48. a6 {[%emt 0:00:03]} Bd4 {[%emt 0:00:34]} 49. Ke2 {[%emt 0:00:19]} Kd5 {[%emt 0:00:25]} 50. Kd3 {[%emt 0:00:05]} Bb6 {[%emt 0:00:38]} 51. g5 {[%emt 0:00:51]} Ke6 {[%emt 0:00:45]} 52. h4 {[%emt 0:00:04]} Ba7 {[%emt 0:00:28]} 53. h5 {[%emt 0:00:10]} Kf7 {[%emt 0:00:12]} 54. Kc4 {[%emt 0:00:08]} Bb8 {[%emt 0:00:06]} 55. Kd5 {[%emt 0:00:09]} Ke7 {[%emt 0:00:45]} 56. b5 {[%emt 0:00:08]} 1-0

[Event "68th Warsaw-ch-A 2019"]
[Site "Warsaw"]
[Date "2019.11.17"]
[Round "7.8"]
[White "Praczukowski, Stanislaw"]
[Black "Poniewierski, Piotr"]
[Result "1/2-1/2"]
[WhiteElo "2069"]
[BlackElo "1858"]
[Annotator "NA RC"]
[PlyCount "136"]
[EventDate "2019.11.14"]
[EventType "swiss"]
[EventCountry "POL"]
[SourceTitle "playchess.com"]
[Source "ChessBase"]
[SourceQuality "1"]
[TimeControl "5400+30"]

1. e4 {[%emt 0:00:00]} c6 {[%emt 0:00:00]} 2. d4 {[%emt 0:00:00]} g6 {[%emt 0:00:00]} 3. Nc3 {[%emt 0:04:00]} d5 {[%emt 0:00:33]} 4. Nf3 {[%emt 0:02:48]} Bg7 {[%emt 0:00:44]} 5. h3 {[%emt 0:05:17]} Nf6 {[%emt 0:02:22]} 6. e5 {[%emt 0:03:17]} Ne4 {[%emt 0:00:45]} 7. Nxe4 {[%emt 0:01:15]} dxe4 {[%emt 0:00:10]} 8. Ng5 {[%emt 0:00:10]} c5 {[%emt 0:00:20]} 9. c3 {[%emt 0:09:14] B15: Caro-Kann: 3 Nc3: 3...g6 and 3...dxe4 4 Nxe4 Nf6 5 Nxf6+ exf6} Qa5 $146 {[%emt 0:11:25]} ({Predecessor:} 9... cxd4 10. cxd4 O-O 11. Be3 Qd5 12. Rc1 Nc6 13. Bc4 Qa5+ 14. Kf1 Bf5 15. g4 Be6 16. Bxe6 fxe6 17. Nxe6 {1-0 (34) Matlakov,M (2695)-Kuzmicz,K (2469) Wroclaw 2014}) 10. Bc4 {[%emt 0:04:37]} O-O {[%emt 0:00:46]} 11. O-O {[%emt 0:01:17]} cxd4 {[%emt 0:07:05]} 12. cxd4 {[%emt 0:03:08]} Qb4 {[%emt 0:02:04]} 13. Qb3 {[%emt 0:01:27]} Qxb3 {[%emt 0:05:57]} 14. Bxb3 {[%emt 0:02:21]} Nc6 {[%emt 0:01:32]} 15. Be3 {[%emt 0:01:04]} b6 {[%emt 0:02:10]} 16. Nxe4 {[%emt 0:07:16]} Bb7 {[%emt 0:00:29]} 17. Nc3 {[%emt 0:04:27]} Rfd8 {[%emt 0:01:15]} 18. Rfd1 {[%emt 0:01:33]} Na5 {[%emt 0:00:43]} 19. Rac1 {[%emt 0:04:47]} Rac8 {[%emt 0:04:12]} 20. f4 {[%emt 0:04:50]} Nxb3 {[%emt 0:02:36]} 21. axb3 {[%emt 0:00:06]} e6 {[%emt 0:02:19]} 22. Nb5 {[%emt 0:03:23]} Bd5 {[%emt 0:00:31]} 23. Nd6 {[%emt 0:02:59]} Rxc1 {[%emt 0:07:15]} 24. Rxc1 {[%emt 0:01:45]} Bf8 {[%emt 0:00:16]} 25. Rc8 {[%emt 0:23:18]} Rxc8 {[%emt 0:05:42]} 26. Nxc8 {[%emt 0:00:17]} Bxb3 {[%emt 0:00:17]} 27. Nxa7 {[%emt 0:00:17]} Bd5 {[%emt 0:03:52]} 28. Nc8 {[%emt 0:05:22]} b5 {[%emt 0:00:39]} 29. Na7 {[%emt 0:00:48]} b4 {[%emt 0:03:47]} 30. Nc8 {[%emt 0:00:42]} Bb7 {[%emt 0:01:01]} 31. Nb6 {[%emt 0:00:16]} Be7 {[%emt 0:00:50]} 32. Kf2 {[%emt 0:01:06]} Kf8 {[%emt 0:01:12]} 33. Bd2 {[%emt 0:00:47]} Ke8 {[%emt 0:00:56]} 34. Nc4 {[%emt 0:00:44]} Kd7 {[%emt 0:01:15]} 35. g3 {[%emt 0:01:04]} Bh1 {[%emt 0:17:41]} 36. Nd6 {[%emt 0:00:28]} Bxd6 {[%emt 0:00:33]} 37. exd6 {[%emt 0:00:03]} b3 {[%emt 0:00:49]} 38. Bb4 {[%emt 0:00:12]} Bd5 {[%emt 0:01:01]} 39. g4 {[%emt 0:00:14]} f6 {[%emt 0:04:37]} 40. Kg3 {[%emt 0:00:03]} Be4 {[%emt 0:00:44]} 41. h4 {[%emt 0:00:39]} h6 {[%emt 0:01:28]} 42. h5 {[%emt 0:00:23]} gxh5 {[%emt 0:00:50]} 43. gxh5 {[%emt 0:00:09]} Bc2 {[%emt 0:00:12]} 44. Kh4 {[%emt 0:01:20]} Bd3 {[%emt 0:02:57]} 45. Bc5 {[%emt 0:00:32]} Bf5 {[%emt 0:01:53]} 46. Kg3 {[%emt 0:00:15]} Be4 {[%emt 0:00:40]} 47. Bb4 {[%emt 0:00:05]} Bd3 {[%emt 0:00:31]} 48. Kf3 {[%emt 0:01:30]} Bc2 {[%emt 0:00:28]} 49. Kg4 {[%emt 0:00:09]} Bd1+ {[%emt 0:00:13]} 50. Kh4 {[%emt 0:00:01]} Bc2 {[%emt 0:00:31]} 51. Bc5 {[%emt 0:02:56]} Bd3 {[%emt 0:00:32]} 52. Ba3 {[%emt 0:00:09]} Bf5 {[%emt 0:00:39]} 53. Bb4 {[%emt 0:00:01]} Bd3 {[%emt 0:00:30]} 54. d5 {[%emt 0:00:42]} e5 {[%emt 0:02:48]} 55. fxe5 {[%emt 0:00:10]} fxe5 {[%emt 0:00:16]} 56. Bd2 {[%emt 0:01:19]} Kxd6 {[%emt 0:00:43]} 57. Bxh6 {[%emt 0:00:02]} Kxd5 {[%emt 0:00:52]} 58. Bd2 {[%emt 0:00:27]} Ke6 {[%emt 0:00:28]} 59. h6 {[%emt 0:00:10]} Kf6 {[%emt 0:00:32]} 60. Kg3 {[%emt 0:00:07]} Kg6 {[%emt 0:00:41]} 61. Kf2 {[%emt 0:00:04]} Bc2 {[%emt 0:00:33]} 62. Be3 {[%emt 0:00:09]} Bd3 {[%emt 0:00:27]} 63. Ke1 {[%emt 0:00:03]} Bc2 {[%emt 0:00:21]} 64. Kd2 $11 {[%emt 0:00:02]} Kh7 {[%emt 0:00:22]} 65. Kc3 {[%emt 0:00:03]} Kg6 {[%emt 0:00:13]} 66. Kc4 {[%emt 0:00:03]} Kh7 {[%emt 0:00:46]} 67. Kd5 {[%emt 0:00:01]} e4 {[%emt 0:00:41]} 68. Bd2 {[%emt 0:00:05]} Kg6 {[%emt 0:00:39] Kxe4} 1/2-1/2

[Event "68th Warsaw-ch-A 2019"]
[Site "Warsaw"]
[Date "2019.11.17"]
[Round "7.9"]
[White "Korcz, Daniel"]
[Black "Mickiewicz, Piotr"]
[Result "0-1"]
[WhiteElo "1807"]
[BlackElo "2216"]
[Annotator "TA"]
[PlyCount "120"]
[EventDate "2019.11.14"]
[EventType "swiss"]
[EventCountry "POL"]
[SourceTitle "playchess.com"]
[Source "ChessBase"]
[SourceQuality "1"]

{[%evp 20,120,32,11,44,-6,12,0,0,1,16,-15,0,-8,-8,-45,-27,-42,0,-33,0,-7,0,-70,-28,-43,-52,-52,-51,-34,-31,-52,-54,-100,-100,-85,-73,-60,-6,-34,-32,-143,-141,-145,-157,-147,-144,-140,-136,-177,-177,-177,-177,-177,-177,-177,-177,-177,-177,-177,-177,-355,-260,-177,0,-8,0,0,8,0,0,0,0,0,0,0,0,0,0,0,0,0,0,0,0,0,0,0,0,-8,-8,-8,-8,-8,-8,-8,-8,-29981,-29975,-29988,-29989,-29989,-29990]} 1. e4 c5 2. Nf3 Nc6 3. d4 cxd4 4. Nxd4 Nf6 5. Nc3 d6 6. Be2 g6 7. Be3 Bg7 8. O-O O-O 9. h3 Bd7 10. Qd2 Rc8 11. f4 Na5 {B73: Sicilian Dragon: Classical System without 9 Nb3} (11... a6 12. Nf3 b5 13. a3 Be6 14. Rad1 Qc7 15. Bd3 b4 16. axb4 Nxb4 17. Rf2 a5 18. Ra1 Ra8 19. Bd4 {½-½ (29) Kazantsev,R (2427)-Filipchenko,V (2410) ICCF email 2016}) 12. Rac1 Nc4 13. Bxc4 $1 Rxc4 {The position is equal.} 14. Qd3 Rc8 15. Nd5 $146 ({Predecessor:} 15. Nde2 a6 16. f5 Bc6 17. fxg6 hxg6 18. b3 Nd7 19. Bd2 Qb6+ 20. Kh1 Nc5 21. Qe3 Qd8 22. Rf2 {½-½ (22) Bonfert,N (1469)-Stellwagen,K (1580) Pori 2004}) 15... Nxd5 16. exd5 Qa5 17. Qb3 b5 18. a3 Rc4 19. c3 Qc7 20. Qd1 a5 {[%cal Ba7a5,Ba5b4][%mdl 32]} 21. Qd2 (21. f5 $11) 21... Rc8 22. f5 b4 23. axb4 axb4 24. fxg6 hxg6 {[%cal Rb4c3]} 25. Qf2 Be8 {[%cal Rb4c3]} 26. Ra1 bxc3 27. bxc3 Rxc3 28. Nc6 Rb3 ({Better is} 28... Rxc6 $1 $15 29. Ra7 {[#]} Qxa7 $1 {[%mdl 512]} 30. Bxa7 Rc4) 29. Rac1 Ra8 30. Nd4 (30. Bd4 $15 Bxd4 31. Qxd4) 30... Rc3 $17 31. Rxc3 Qxc3 32. Nc6 Bxc6 33. dxc6 Bf6 34. Rc1 Ra1 35. Rxa1 Qxa1+ 36. Qf1 Qc3 37. Qc1 Qxc1+ 38. Bxc1 $19 {[%mdl 4096] Endgame KB-KB} Bd4+ 39. Kf1 {And now c7 would win.} Bb6 40. Be3 $2 (40. Ke1 {might work better.}) 40... Bc7 41. Ke2 f5 $2 (41... e5 $19 {...f5 is the strong threat.} 42. Kd3 d5) 42. Kd3 $1 $11 Kf7 (42... e5 $5 43. Kc4 $8 f4 $11) 43. Kc4 e5 44. Kd5 f4 45. Bd2 g5 46. Bb4 Ke7 47. Ba3 Kd8 48. Bb4 Ke7 49. Ba3 Kd8 50. Bb4 Kc8 51. Bc3 Kb8 52. Bb4 Kc8 53. Bc3 Bb6 54. Kxd6 e4 55. Be1 $1 f3 56. gxf3 exf3 {Strongly threatening ...f2.} 57. h4 g4 {Hoping for ...f2.} 58. h5 $2 {[%mdl 8192] [#]} (58. Ke5 $11) 58... g3 $1 {[%mdl 512] Black mates.} 59. h6 (59. Bxg3 Bc7+) 59... f2 60. h7 Bd4 {Accuracy: White = 35%, Black = 68%.} 0-1

[Event "68th Warsaw-ch-A 2019"]
[Site "Warsaw"]
[Date "2019.11.17"]
[Round "7.10"]
[White "Janeczko, Jakub"]
[Black "Pichurko, Jakub"]
[Result "1-0"]
[WhiteElo "1839"]
[BlackElo "1877"]
[Annotator "NA RC"]
[PlyCount "63"]
[EventDate "2019.11.14"]
[EventType "swiss"]
[EventCountry "POL"]
[SourceTitle "playchess.com"]
[Source "ChessBase"]
[SourceQuality "1"]
[TimeControl "5400+30"]

1. e4 {[%emt 0:00:26]} Nf6 {[%emt 0:00:00]} 2. e5 {[%emt 0:00:49]} Nd5 {[%emt 0:00:00]} 3. d4 {[%emt 0:00:08]} d6 {[%emt 0:00:00]} 4. c4 {[%emt 0:00:03]} Nb6 {[%emt 0:00:00]} 5. exd6 {[%emt 0:00:05]} cxd6 {[%emt 0:00:00]} 6. Nc3 {[%emt 0:01:35]} g6 {[%emt 0:00:10]} 7. Be3 {[%emt 0:01:24]} Bg7 {[%emt 0:00:10]} 8. Rc1 {[%emt 0:00:32]} Nc6 {[%emt 0:01:28]} 9. b3 {[%emt 0:02:22]} O-O {[%emt 0:00:29]} 10. d5 {[%emt 0:05:47]} Ne5 {[%emt 0:03:29]} 11. Be2 {[%emt 0:00:03]} Ned7 {[%emt 0:01:55]} 12. f4 {[%emt 0:03:18]} Nf6 {[%emt 0:00:29]} 13. Nf3 {[%emt 0:06:31]} Bg4 {[%emt 0:02:03]} 14. O-O {[%emt 0:03:46]} Bxf3 {[%emt 0:03:51]} 15. Bxf3 {[%emt 0:00:04]} Nbd7 {[%emt 0:02:33]} 16. b4 {[%emt 0:07:50]} b6 {[%emt 0:06:11]} 17. Re1 {[%emt 0:05:48]} Re8 {[%emt 0:04:41]} 18. Nb5 {[%emt 0:01:06]} a5 {[%emt 0:08:12]} 19. a3 {[%emt 0:01:47]} axb4 {[%emt 0:07:17]} 20. axb4 {[%emt 0:00:03]} Kf8 {[%emt 0:05:58]} 21. Bd4 {[%emt 0:10:40]} Qb8 {[%emt 0:06:14]} 22. Qd3 {[%emt 0:03:40]} Ng8 {[%emt 0:05:31]} 23. g4 {[%emt 0:03:12]} Nh6 {[%emt 0:01:47]} 24. Re2 {[%emt 0:05:00]} Qb7 {[%emt 0:09:11]} 25. Rce1 {[%emt 0:00:22]} Bxd4+ {[%emt 0:05:57]} 26. Qxd4 {[%emt 0:00:19]} f6 {[%emt 0:00:40]} 27. Qe4 {[%emt 0:08:59]} f5 {[%emt 0:03:30]} 28. Qd4 {[%emt 0:00:51]} Kf7 {[%emt 0:03:28]} 29. g5 {[%emt 0:00:55]} Ng8 {[%emt 0:00:39]} 30. Qh8 {[%emt 0:03:08]} Ngf6 {[%emt 0:01:15]} 31. Rxe7+ {[%emt 0:00:02]} Rxe7 {[%emt 0:00:27]} 32. Nxd6# {[%emt 0:00:02]} 1-0

[Event "68th Warsaw-ch-A 2019"]
[Site "Warsaw"]
[Date "2019.11.17"]
[Round "7.12"]
[White "Siekierski, Pawel"]
[Black "Grochowski, Kosma"]
[Result "0-1"]
[WhiteElo "1959"]
[BlackElo "1920"]
[Annotator "NA RC"]
[PlyCount "90"]
[EventDate "2019.11.14"]
[EventType "swiss"]
[EventCountry "POL"]
[SourceTitle "playchess.com"]
[Source "ChessBase"]
[SourceQuality "1"]
[TimeControl "5400+30"]

1. d4 d5 2. Nf3 Nf6 3. c4 c6 4. Nc3 e6 5. Bg5 Nbd7 6. cxd5 exd5 7. Qc2 Bd6 8. e3 h6 9. Bh4 O-O 10. Bd3 Re8 11. O-O Nf8 12. Rab1 Bg4 13. Nd2 Bh5 14. Bg3 Bxg3 15. hxg3 g5 16. b4 Bg6 17. b5 h5 18. bxc6 bxc6 19. Nf3 Bxd3 20. Qxd3 Ne4 21. Ne5 Rc8 22. Nxe4 dxe4 23. Qc4 Qc7 24. Rfc1 c5 25. Qe2 Ne6 26. Qxh5 Kg7 27. Qg4 f6 28. Nc4 cxd4 29. exd4 Nxd4 30. Qd1 Qd7 31. Ne3 Rxc1 32. Rxc1 Rd8 33. Rb1 Kg6 34. g4 Qh7 35. Kf1 Rh8 36. f3 Nxf3 37. Kf2 Nd4 38. Rb4 Rd8 39. Qb1 Qe7 40. Qh1 Qxb4 41. Qh5+ Kg7 42. Nf5+ Nxf5 43. gxf5 Qd2+ 44. Kg3 Rd3+ 45. Kh2 Qf4+ 0-1

[Event "68th Warsaw-ch-A 2019"]
[Site "Warsaw"]
[Date "2019.11.17"]
[Round "7.13"]
[White "Derylo, Kamil"]
[Black "Sacharewicz, Krzysztof"]
[Result "1-0"]
[WhiteElo "1969"]
[BlackElo "1860"]
[Annotator "NA RC"]
[PlyCount "87"]
[EventDate "2019.11.14"]
[EventType "swiss"]
[EventCountry "POL"]
[SourceTitle "playchess.com"]
[Source "ChessBase"]
[SourceQuality "1"]
[TimeControl "5400+30"]

1. d4 Nf6 2. c4 c5 3. d5 a6 4. a4 e6 5. Nc3 exd5 6. cxd5 d6 7. Nf3 Nbd7 8. e4 Qe7 9. Qc2 g6 10. Be2 Bg7 11. O-O O-O 12. Nd2 Re8 13. Re1 Rb8 14. Bf1 Ng4 15. h3 Nge5 16. Qd1 g5 17. g3 Ng6 18. Nc4 Nde5 19. Nxe5 Qxe5 20. Kh2 Bd7 21. Qd2 Qd4 22. Qxd4 cxd4 23. Nb1 Ne5 24. Kg2 Rbc8 25. Bxg5 Bxh3+ 26. Kxh3 Nf3 27. Nd2 Nxg5+ 28. Kg4 h6 29. f4 Nh7 30. Nc4 Red8 31. a5 Nf6+ 32. Kf3 Ne8 33. e5 dxe5 34. fxe5 Rxd5 35. Nb6 Rcc5 36. Nxd5 Rxd5 37. Bc4 Rc5 38. Rac1 Rxa5 39. e6 fxe6 40. Bxe6+ Kh7 41. g4 Nd6 42. Rc7 Kg6 43. Rd7 Re5 44. Rxg7+ 1-0

[Event "68th Warsaw-ch-A 2019"]
[Site "Warsaw"]
[Date "2019.11.17"]
[Round "7.14"]
[White "Piotrowski, Arkadiusz"]
[Black "Spicak, Krzysztof"]
[Result "1-0"]
[WhiteElo "1962"]
[BlackElo "1874"]
[Annotator "NA RC"]
[PlyCount "141"]
[EventDate "2019.11.14"]
[EventType "swiss"]
[EventCountry "POL"]
[SourceTitle "playchess.com"]
[Source "ChessBase"]
[SourceQuality "1"]
[TimeControl "5400+30"]

1. e4 e5 2. Nf3 Nc6 3. Bc4 Be7 4. d4 d6 5. h3 Nxd4 6. Nxd4 exd4 7. Qxd4 Bf6 8. Qd3 Ne7 9. Nc3 O-O 10. Be3 Nc6 11. Qd2 Re8 12. Bd3 Be6 13. O-O-O Nb4 14. a3 Bxc3 15. bxc3 Nc6 16. f4 Na5 17. Qe2 f6 18. g4 Qe7 19. Qf2 b6 20. Qh4 Bc4 21. g5 d5 22. gxf6 Qxf6 23. Qxf6 gxf6 24. Bd4 dxe4 25. Bxc4+ Nxc4 26. Bxf6 Kf7 27. Bh4 Nd6 28. Rd5 Re6 29. c4 c6 30. Rh5 Nxc4 31. Rxh7+ Kg6 32. Rc7 e3 33. Rg1+ Kf5 34. Rf7+ Ke4 35. f5 Rh6 36. Bg5 Rxh3 37. Rg4+ Kd5 38. Rd7+ Nd6 39. Bf4 Rh1+ 40. Kb2 e2 41. Bxd6 Rb1+ 42. Ka2 Ra1+ 43. Kb3 Rb1+ 44. Ka4 b5+ 45. Ka5 e1=Q+ 46. Bb4+ Ke5 47. Bxe1 Rxe1 48. Re7+ Kxf5 49. Rxe1 Kxg4 50. Re6 Rc8 51. Kb4 Kf5 52. Re7 a6 53. Kc5 a5 54. c3 Kf6 55. Rd7 b4 56. cxb4 axb4 57. Rd6+ Ke7 58. axb4 Rb8 59. Rxc6 Kd7 60. b5 Rh8 61. Kb6 Rh5 62. Rc1 Kd8 63. Ka6 Rh2 64. b6 Rb2 65. Kb7 Kd7 66. Rd1+ Ke7 67. Ka7 Ra2+ 68. Kb8 Rb2 69. b7 Rb3 70. Ra1 Kd7 71. Ka7 1-0

[Event "68th Warsaw-ch-A 2019"]
[Site "Warsaw"]
[Date "2019.11.17"]
[Round "7.15"]
[White "Chomczyk, Marek"]
[Black "Nowak, Lukasz"]
[Result "1/2-1/2"]
[WhiteElo "2282"]
[BlackElo "2288"]
[Annotator "TA"]
[PlyCount "64"]
[EventDate "2019.11.14"]
[EventType "swiss"]
[EventCountry "POL"]
[SourceTitle "playchess.com"]
[Source "ChessBase"]
[SourceQuality "1"]

{[%evp 17,64,4,5,14,34,-21,0,-12,49,-29,-24,-45,-47,-67,-74,-67,-66,-62,-61,-106,-106,-99,-107,-102,-107,-100,-109,-108,-89,-104,-93,-112,-90,-118,-106,-116,-111,-116,-95,-98,-52,-50,0,-30,-20,-28,-6,-8,-4]} 1. e4 c5 2. Nf3 d6 3. d4 cxd4 4. Nxd4 Nf6 5. Nc3 a6 6. Be3 e6 7. f3 b5 8. Qd2 Nbd7 {[%cal Bb8d7,Bd7b6,Bb6d5,Bd5b4][%mdl 32]} 9. O-O-O Bb7 10. Kb1 {B80: Sicilian Scheveningen: 6 g3 and 6 Be3, including English Attack} Rc8 11. Bd3 (11. g4 $14) 11... Nb6 12. Nce2 $146 ({Predecessor:} 12. Qe1 Nfd7 13. Bc1 Be7 14. f4 O-O 15. f5 e5 16. f6 Bxf6 17. Nf5 Nc5 18. Rf1 {0-1 (30) Dzhumaev,M (2540)-Wang,H (2696) Al Ain 2008}) 12... Be7 (12... Nfd7 $11) 13. Qa5 (13. Nf4 $1 $14) 13... Nfd7 14. h4 O-O 15. h5 d5 16. exd5 Nxd5 17. Qxd8 Rfxd8 18. Bc1 Nc5 19. Nb3 Nxd3 20. cxd3 Nb4 21. d4 Bd5 22. Bd2 Bc4 {...Bd3+ is the strong threat.} 23. Bxb4 Bxb4 24. Nec1 a5 {[#]} 25. Nc5 $1 {[%mdl 512]} a4 (25... Bxc5 26. dxc5) 26. N5d3 Ba5 27. b3 axb3 28. axb3 Bxd3+ ({Worse is} 28... Rxd4 29. bxc4 bxc4 30. Nb2 $16) 29. Rxd3 Rc3 30. Rhd1 Rxd3 31. Rxd3 Rd5 32. g4 $1 f5 {Accuracy: White = 44%, Black = 45%.} 1/2-1/2

[Event "68th Warsaw-ch-A 2019"]
[Site "Warsaw"]
[Date "2019.11.18"]
[Round "8.1"]
[White "Chylewski, Patryk"]
[Black "Kozak, Antoni"]
[Result "1/2-1/2"]
[WhiteElo "2348"]
[BlackElo "2350"]
[Annotator "TA"]
[PlyCount "31"]
[EventDate "2019.11.14"]
[EventType "swiss"]
[EventCountry "POL"]
[SourceTitle "playchess.com"]
[Source "ChessBase"]
[SourceQuality "1"]

{[%evp 10,31,47,23,23,23,14,6,19,18,35,0,34,0,47,7,12,10,18,0,3,-14,0,-6]} 1. d4 Nf6 2. c4 e6 3. Nf3 b6 4. a3 Bb7 5. Nc3 g6 6. Bg5 h6 {E12: Queen's Indian: Unusual White 4th moves, 4 a3, 4 Nc3 Bb7 5 a3 and 4 Nc3 Bb7} (6... Bg7 7. e3 O-O 8. Bd3 d6 9. h3 Nbd7 10. O-O Qe8 11. Nd2 e5 12. dxe5 dxe5 13. Nde4 Nxe4 14. Bxe4 Bxe4 15. Nxe4 {0-1 (33) Galliamova,A (2444)-Navara,D (2734) Riga 2019}) 7. Bh4 Bg7 8. e3 d6 9. Be2 Nbd7 10. O-O O-O (10... g5 $5 {[%cal Rg5h4]} 11. Bg3 Ne4 $11) 11. Rc1 $146 ({Predecessor:} 11. Nd2 c6 12. e4 c5 13. d5 exd5 14. cxd5 g5 15. Bg3 {½-½ (43) Godart,F (2350)-Lepelletier,B (2540) Le Port Marly 2012}) 11... Qe7 (11... g5 $5 {[%cal Rg5h4]} 12. Bg3 Nh5 $11) 12. Qc2 g5 {The position is equal.} 13. Bg3 Nh5 14. Nd2 Nxg3 15. hxg3 f5 16. d5 {Accuracy: White = 36%, Black = 35%.} 1/2-1/2